Star Wars the Ultimate Quiz. - Statistics

General Stats
  • This quiz has been taken 1,996 times
    1,990 since last reset
  • The average score is 57 of 90
Answer Stats
Question Answer % Correct
1 Who is the Director and Creator of Star Wars? George Lucas
99%
2 Which Film Company created Star Wars? Lucasfilm
94%
3 How many more Star Wars movies are they going to make? 3 more movies
93%
12 Which actor plays Han Solo? Harrison Ford
85%
21 Which big film Company bought Lucasfilm in October 2012 Walt Disney
84%
8 What is the fourth Star Wars movie called? A New Hope
83%
19 What is the name of the animated Series which is first aired in 2008? The Clone Wars
83%
7 What is the third Star Wars movie called? Revenge of the Sith
82%
17 Which actor plays Mace-Windu? Sammuel L Jackson
82%
20 How many Series are there currently of The Clone Wars? 6 Series
81%
6 What is the second Star Wars movie called? Attack of the Clones
81%
28 What are the main lightsaber colours of the Jedi? Blue or Green
80%
26 What was Anakin Skywalker's Sith name? Darth Vader
80%
4 What is the name of the other Lucasfilm movie Starring Harrison Ford? Indiana Jones
80%
5 What is the first Star Wars movie called? Phantom Menace
80%
29 What is the colour of Mace-Windu's lightsaber? Purple
80%
27 What is the main lightsaber colour of the Sith? Red
80%
10 What is the sixth Star Wars movie called? Return of the Jedi
80%
11 When did the Star Wars franchise begin? 1977
79%
23 What planet does Yoda live and die on? Dagobah
79%
9 What is the fifth Star Wars movie called? Empire Strikes Back
79%
15 Which actor plays Obi-Wan Kenobi in Episode I, II, III Ewan Mcgregor
79%
13 Which actor plays Luke Skywalker? Mark Hamill
79%
22 Roughly how old was Yoda when he died in Episode VI 900 years old
78%
43 Who is Anakin Skywalkers Daughter? Leia Organa
78%
42 Who is Anakin Skywalkers Son? Luke Skywalker
78%
41 Who is Anakin Skywalkers Wife? Padme Amadala
78%
30 What Planet is Anakin Skywalker from? Tatooine
78%
14 Which actor plays Princess Leia Organa? Carrie Fisher
77%
37 What is the name of Han Solos companion? Chewbacca
76%
25 What was Chanceller Palpatine's Sith name? Darth Sidious
76%
51 Who killed Obi-Wan Kenobi in Episode IV? Darth Vader
76%
39 Who destroyed the first Death Star? Luke Skywalker
76%
53 Who killed Count Dooku in Episode III? Anakin Skywalker
75%
52 Who killed Qui-Gon Jin in Episode I? Darth Maul
75%
46 Who is Anakin Skywalkers Master? Obi-Wan Kenobi
74%
16 Which actor plays Anikan Skywalker in Episode II and III? Hayden Christensen
73%
33 What Planet is the Rebal base on Episode V? Hoth
72%
61 What is the name of the Crime Lord Hutt that lives on Tatooine? Jabba the Hutt
71%
18 Which actor plays Qui-Gon Jinn? Liam Neeson
71%
49 How many Lego Star Wars games have been made? 4 Lego Games
70%
38 What was the first Planet destroyed by the Death Star? Alderaan
69%
73 What was his Sons name? Boba Fett
69%
34 What Planet is the Jedi Temple on? Coruscant
69%
72 Which Bounty Hunter had a Clone as a Son? Jango Fett
69%
71 What is the name of Anakin Skywalkers Protocal Droid? C-3PO
68%
31 What Planet are the Clones from? Kamino
67%
64 What was the name of the order given to exterminate the Jedi Order 66
67%
56 Who is Obi-One Kenobis Clone Commander? Commander Cody
66%
76 What is the name of the small furry creatures that live on the Planet Endor? Ewoks
66%
70 What is the name of Anakin Skywalkers Astromech? R2-D2
65%
40 Who destroyed the second Death Star? Lando Calrissian
64%
55 Who is Anakin Skywalkers Clone Captian? Captain Rex
63%
45 Who is Anakin Skywalkers Mother? Shmi Skywalker
63%
47 Who is Anakin Skywalkers Apprentice? Ahsoka Tano
62%
66 What is the name of the Cyborg incharge of the Droid Army? General Grievous
62%
32 What Planet is the Rebal base on in Episode IV? Yavin
62%
85 How many years are there between Episode I and II? 10 years
61%
86 How many years are there betwwen Episode II and III? 3 years
61%
89 How many years are there between Episode V and VI? 1 year
58%
88 How many years are there between Episode IV and V? 3 years
58%
74 What is the name of the small mysterious creatures that live on Tatooine? Jawas
58%
87 How many years are there between Episode III and IV? 19 years
56%
57 Who is Count Dookus Apprentice during The Clone Wars? Assj Ventress
54%
36 On Which Planet did the Clone Wars begin on? Geonosis
54%
60 What did Luke Skywalker kill by crushing it with a door in Episode VI? Rancor
54%
58 In what Series does Ashoka Tano leave the Jedi order? Series 5
54%
78 What is the name of the creatures that the Rebal Alliance use on Hoth for transport? Tauntauns
54%
79 What is the name of the creatures that are native to the Planet Naboo? Gungans
53%
44 Who is Anakin Skywalkers Father? He doesn't have one
53%
84 What is the name of the Imperial Troops used by the Galactic Empire? Stormtroopers
52%
68 Who is the Viceory of the Trade Federation? Nute Gunray
47%
50 Which Star Wars game has 4 games currently and is releasing a 5th in 2015? Battlefront
46%
75 What is the name of the mindless creatures that killed Anakin Skywalkers Mother? Tusken Raiders
46%
69 Who, under the command of Darth Vader, attacked the Jedi Temple? The Clone Troopers
43%
48 Which Video Game is Darth Vaders apprentice featured in? The Force Unleashed
43%
67 On Which Planet was Grievous killed on? Utapau
41%
77 What is the name of the creatures that attacked Luke Skywalker on the Planet Hoth? Wampas
39%
80 What is the name of the terrorist group on the Planet of Mandelore? Deathwatch
38%
54 Who killed Mace-Windu in Episode III? The Emperor
36%
65 Roughly how old is Jabba the Hutt? 600 years old
27%
63 What is the name of his Uncle? Zero the Hutt
26%
35 Roughly what is the population of Coruscant? 1 trillion
22%
83 What is the name of the Droids that usually work for Bounty Hunters? Assassin Droids
22%
82 What is the name of the Droids that are used on Special Missions? Commando Droids
20%
62 What is the name of his Son? Rotta the Hutt
20%
59 What is the name of the first Episode of The Clone Wars? Ambush
19%
81 What is the name of the Droids that gaurd high ranking Separatists? Magna Guards
18%
90 Which event in the Star Wars Universe caused the Timeline to restart? The Battle of Yavin
18%
24 What was Count Dooku's Sith name? Darth Tyranas
10%
No matching quizzes found
Score Distribution
Percent of People with Each Score
Percentile by Number Answered
Your Score History
You have not taken this quiz since the last reset